000 02342cam a2200565 i 4500
001 zz2005864633
003 NUKAT
005 20260422114236.0
008 050331s1983 pl g |001 0 pol c
020 _a8301044470
_q(oprawa miękka ;
_qcałość)
020 _a8301044489
_q(oprawa miękka ;
_qt. 3)
035 _a(OCoLC)69332675
035 _a(NUKAT)zz2005864633
040 _aPOZN U/BUJD
_bpol
_erda
_cPOZN U/RD
_dPOZN U/RD
_dWA U/EDPs
_dKR U/42JCs
_dWA 14/MBs
_dOLSZT 008/bak
041 0 _apol
_bfre
_brus
045 2 _bd1830
_bd1945
046 _k1983
099 _atn_180035
245 0 0 _aInteligencja polska XIX i XX wieku :
_bstudia.
_n3 /
_cpod redakcją Ryszardy Czepulis-Rastenis ; Polska Akademia Nauk. Instytut Historii.
246 3 _aInteligencja polska dziewiętnastego i dwudziestego wieku
250 _aWydanie pierwsze.
260 _aWarszawa :
_bPaństwowe Wydawnictwo Naukowe,
_c1983.
300 _a267, [1] strona ;
_c24 cm.
336 _aTekst
_btxt
_2rdacontent
337 _aBez urządzenia pośredniczącego
_bn
_2rdamedia
338 _aWolumin
_bnc
_2rdacarrier
380 _aKsiążki
380 _aPublikacje naukowe
388 1 _a1901-2000
388 1 _a1945-1989
500 _aTom 1 ukazał się pt. Inteligencja polska pod zaborami. Studia, Warszawa, 1978; tom 2 pt. Inteligencja polska XIX i XX wieku. Studia, Warszawa 1981.
504 _aIndeksy.
546 _aStreszczenia w języku francuskim i rosyjskim.
648 7 _a1801-1900
_2DBN
_936037
648 7 _a1901-2000
_2DBN
_934996
650 7 _aIntelektualiści
_zPolska
_y20 w.
_2kaba
_940388
650 7 _aIntelektualiści
_zPolska
_y19 w.
_2kaba
_940387
650 7 _aInteligencja (socjologia)
_2DBN
_936464
651 7 _aPolska
_xżycie intelektualne
_y1795-1918.
_2kaba
_940389
651 7 _aPolska
_xżycie intelektualne
_y20 w.
_2kaba
_940390
651 7 _aPolska
_2DBN
_935076
655 7 _aPraca zbiorowa
_2DBN
_935107
658 _aSocjologia i społeczeństwo
700 1 _aCzepulis-Rastenis, Ryszarda
_d(1928-1994).
_eRedakcja
_927972
710 2 _aPaństwowe Wydawnictwo Naukowe (1951-1992).
_eWydawca
_4pbl
_98602
710 2 _aPolska Akademia Nauk.
_bInstytut Historii.
_eInstytucja sprawcza
_96496
920 _a83-01-04447-0 (oprawa miękka ; całość)
920 _a83-01-04448-9 (oprawa miękka ; t. 3)
942 _2ddc
_cBK_NM
999 _c27717
_d27717